Catalytic hydrogenation /

Bibliographic Details
Main Author: Augustine, Robert L., 1932-
Format: Book
Language:English
Published: New York : M. Dekker, 1965.
Series:Techniques and applications in organic synthesis.
Subjects:

MARC

Tag First Indicator Second Indicator Subfields
LEADER 00000cam a2200000 4500
001 in00000044456
005 20151007072948.0
008 720307s1965 nyua b 00010 eng u
010 |a  65027430  
035 |a (OCoLC)00256739 
035 |9 AAE8880AM 
040 |c MSC  |d VRC  |d TXA  |d UtOrBLW 
049 |a TXAM  |c [460803] 
050 0 |a QD281.H8  |b A9 
092 |a 547.23  |b A923c, 1965 
100 1 |a Augustine, Robert L.,  |d 1932- 
245 1 0 |a Catalytic hydrogenation /  |c [by] Robert L. Augustine. 
264 1 |a New York :  |b M. Dekker,  |c 1965. 
300 |a xii,188p :  |b illustrations ;  |c 24cm. 
336 |a text  |b txt  |2 rdacontent 
337 |a unmediated  |b n  |2 rdamedia 
338 |a volume  |b nc  |2 rdacarrier 
490 1 |a Techniques and applications in organic synthesis 
504 |a Includes bibliographies. 
650 0 |a Hydrogenation. 
650 0 |a Catalysis. 
650 2 |a Catalysis. 
650 2 |a Chemistry, Organic. 
830 0 |a Techniques and applications in organic synthesis. 
999 |a MARS 
999 f f |s f4752b93-89ed-3d10-8a3f-679b67d9fe61  |i b31966a2-9670-3e7b-911f-3d51a065bcd3  |t 0 
952 f f |p ric  |a Texas A&M University  |b Rellis Campus  |c Joint Library Facility  |d Remote Storage  |t 0  |e QD281.H8 A9  |h Library of Congress classification  |i unmediated -- volume  |m A14800944536 
998 f f |a QD281.H8 A9  |t 0  |l Remote Storage